<?xml version="1.0" encoding="UTF-8"?>
<record
    xmlns:xsi="http://www.w3.org/2001/XMLSchema-instance"
    xsi:schemaLocation="http://www.loc.gov/MARC21/slim http://www.loc.gov/standards/marcxml/schema/MARC21slim.xsd"
    xmlns="http://www.loc.gov/MARC21/slim">

  <leader>00437nam a22001697a 4500</leader>
  <controlfield tag="005">20160520135703.0</controlfield>
  <controlfield tag="008">160520b        xxu||||| |||| 00| 0 eng d</controlfield>
  <datafield tag="020" ind1=" " ind2=" ">
    <subfield code="a">978-81-7708-85-8</subfield>
  </datafield>
  <datafield tag="041" ind1=" " ind2=" ">
    <subfield code="a">eng</subfield>
  </datafield>
  <datafield tag="082" ind1=" " ind2=" ">
    <subfield code="b">3563</subfield>
  </datafield>
  <datafield tag="100" ind1=" " ind2=" ">
    <subfield code="a">Ahluwalia, V Choudhury S &amp; Vaijayanthi B</subfield>
    <subfield code="9">882</subfield>
  </datafield>
  <datafield tag="245" ind1=" " ind2=" ">
    <subfield code="a">Basic Chemistry for Class 11</subfield>
  </datafield>
  <datafield tag="260" ind1=" " ind2=" ">
    <subfield code="b">Bharti Bhawan Pub.</subfield>
    <subfield code="c">2008</subfield>
  </datafield>
  <datafield tag="300" ind1=" " ind2=" ">
    <subfield code="a">536</subfield>
  </datafield>
  <datafield tag="650" ind1=" " ind2=" ">
    <subfield code="a">DIPLOMA ENGINEERING</subfield>
    <subfield code="9">817</subfield>
  </datafield>
  <datafield tag="942" ind1=" " ind2=" ">
    <subfield code="c">BK</subfield>
  </datafield>
  <datafield tag="999" ind1=" " ind2=" ">
    <subfield code="c">1209</subfield>
    <subfield code="d">1209</subfield>
  </datafield>
  <datafield tag="952" ind1=" " ind2=" ">
    <subfield code="0">0</subfield>
    <subfield code="1">0</subfield>
    <subfield code="4">0</subfield>
    <subfield code="7">0</subfield>
    <subfield code="8">PARAMEDICAL</subfield>
    <subfield code="a">JRU</subfield>
    <subfield code="b">JRU</subfield>
    <subfield code="c">SHELF-104-A</subfield>
    <subfield code="d">2016-05-20</subfield>
    <subfield code="e">PURCHASE</subfield>
    <subfield code="g">315.00</subfield>
    <subfield code="l">1</subfield>
    <subfield code="o">540</subfield>
    <subfield code="p">3563</subfield>
    <subfield code="r">2017-12-05 00:00:00</subfield>
    <subfield code="s">2017-11-23</subfield>
    <subfield code="w">2016-05-20</subfield>
    <subfield code="y">BK</subfield>
  </datafield>
  <datafield tag="952" ind1=" " ind2=" ">
    <subfield code="0">0</subfield>
    <subfield code="1">0</subfield>
    <subfield code="4">0</subfield>
    <subfield code="7">0</subfield>
    <subfield code="8">CS/IT</subfield>
    <subfield code="a">JRU</subfield>
    <subfield code="b">JRU</subfield>
    <subfield code="c">SHELF-56-G</subfield>
    <subfield code="d">2016-05-20</subfield>
    <subfield code="e">PURCHASE</subfield>
    <subfield code="g">315.00</subfield>
    <subfield code="l">3</subfield>
    <subfield code="o">3563</subfield>
    <subfield code="p">3564</subfield>
    <subfield code="r">2022-12-27 00:00:00</subfield>
    <subfield code="s">2022-12-27</subfield>
    <subfield code="w">2016-05-20</subfield>
    <subfield code="y">BK</subfield>
  </datafield>
  <datafield tag="952" ind1=" " ind2=" ">
    <subfield code="0">0</subfield>
    <subfield code="1">0</subfield>
    <subfield code="4">0</subfield>
    <subfield code="7">0</subfield>
    <subfield code="8">CS/IT</subfield>
    <subfield code="a">JRU</subfield>
    <subfield code="b">JRU</subfield>
    <subfield code="c">SHELF-56-G</subfield>
    <subfield code="d">2016-05-20</subfield>
    <subfield code="e">PURCHASE</subfield>
    <subfield code="g">315.00</subfield>
    <subfield code="l">8</subfield>
    <subfield code="o">3563</subfield>
    <subfield code="p">3565</subfield>
    <subfield code="r">2023-10-19 13:28:33</subfield>
    <subfield code="s">2023-10-11</subfield>
    <subfield code="w">2016-05-20</subfield>
    <subfield code="y">BK</subfield>
  </datafield>
  <datafield tag="952" ind1=" " ind2=" ">
    <subfield code="0">0</subfield>
    <subfield code="1">0</subfield>
    <subfield code="4">0</subfield>
    <subfield code="7">0</subfield>
    <subfield code="8">PARAMEDICAL</subfield>
    <subfield code="a">JRU</subfield>
    <subfield code="b">JRU</subfield>
    <subfield code="c">SHELF-104-A</subfield>
    <subfield code="d">2016-05-20</subfield>
    <subfield code="e">PURCHASE</subfield>
    <subfield code="g">315.00</subfield>
    <subfield code="l">5</subfield>
    <subfield code="o">540</subfield>
    <subfield code="p">3566</subfield>
    <subfield code="r">2017-12-19 00:00:00</subfield>
    <subfield code="s">2017-12-12</subfield>
    <subfield code="w">2016-05-20</subfield>
    <subfield code="y">BK</subfield>
  </datafield>
  <datafield tag="952" ind1=" " ind2=" ">
    <subfield code="0">0</subfield>
    <subfield code="1">0</subfield>
    <subfield code="4">0</subfield>
    <subfield code="7">0</subfield>
    <subfield code="8">CS/IT</subfield>
    <subfield code="a">JRU</subfield>
    <subfield code="b">JRU</subfield>
    <subfield code="c">SHELF-56-G</subfield>
    <subfield code="d">2016-05-20</subfield>
    <subfield code="e">PURCHASE</subfield>
    <subfield code="g">315.00</subfield>
    <subfield code="l">4</subfield>
    <subfield code="o">3563</subfield>
    <subfield code="p">3567</subfield>
    <subfield code="r">2026-01-30 11:10:03</subfield>
    <subfield code="s">2026-01-21</subfield>
    <subfield code="w">2016-05-20</subfield>
    <subfield code="y">BK</subfield>
  </datafield>
  <datafield tag="952" ind1=" " ind2=" ">
    <subfield code="0">0</subfield>
    <subfield code="1">0</subfield>
    <subfield code="4">0</subfield>
    <subfield code="7">0</subfield>
    <subfield code="8">CS/IT</subfield>
    <subfield code="a">JRU</subfield>
    <subfield code="b">JRU</subfield>
    <subfield code="c">SHELF-56-G</subfield>
    <subfield code="d">2016-05-20</subfield>
    <subfield code="e">PURCHASE</subfield>
    <subfield code="g">315.00</subfield>
    <subfield code="l">7</subfield>
    <subfield code="o">3563</subfield>
    <subfield code="p">3568</subfield>
    <subfield code="r">2018-12-15 00:00:00</subfield>
    <subfield code="s">2018-11-28</subfield>
    <subfield code="w">2016-05-20</subfield>
    <subfield code="y">BK</subfield>
  </datafield>
</record>
